ra kerül [vers] /
Elmentve itt :
| Szerző: | |
|---|---|
| Dokumentumtípus: | Cikk |
| Megjelent: |
2007
|
| Sorozat: | Tiszatáj
61 No. 4 |
| Kulcsszavak: | Magyar irodalom - vers |
| Online Access: | http://tiszataj.bibl.u-szeged.hu/19691 |
| LEADER | 00555nab a2200181 i 4500 | ||
|---|---|---|---|
| 001 | tisza19691 | ||
| 005 | 20200331091939.0 | ||
| 008 | 161103s2007 hu o 0|| hun d | ||
| 022 | |a 0133-1167 | ||
| 040 | |a SZTE Tiszatáj Archívum |b hun | ||
| 041 | |a hun | ||
| 100 | 1 | |a Géczi János | |
| 245 | 1 | 0 | |a ra kerül |h [elektronikus dokumentum] : |b [vers] / |c Géczi János |
| 260 | |c 2007 | ||
| 300 | |a 46 | ||
| 490 | 0 | |a Tiszatáj |v 61 No. 4 | |
| 695 | |a Magyar irodalom - vers | ||
| 856 | 4 | 0 | |u http://tiszataj.bibl.u-szeged.hu/19691/1/tiszataj_2007_004_046.pdf |z Dokumentum-elérés |